000 00801nam a2200253 a 4500
001 000029496
003 DO-SdBNP
005 20240305135410.0
007 ta
008 110418s1994 dr 000 0 spa d
040 _aDO-SdBNP
_bspa
_cBNPHU
082 4 _aCo863.44
_bG216d
_222
100 1 _aGarcía Márquez, Gabriel,
_b1928-2014
_d1928-
_91804
245 1 0 _aDel amor y otros demonios /
_cGabriel García Márquez.
260 _aSanto Domingo :
_bTaller,
_c1994.
300 _a198 p. ;
_c21 cm.
490 0 _aBiblioteca Taller ;
_v299
500 _aLa biblioteca posee la 6a reimpresión del 1997 de 201 páginas.
590 _aInventario, 2022/MFF
650 4 _aNovela colombiana
_91243
650 4 _aLiteratura dominicana
910 _aValidado. Control de calidad MFF
942 _2ddc
_cLBS1
999 _c28988
_d28988